Getafe CF 2019 - Estadísticas

Estadísticas generales
  • Esta prueba ha sido intentada 47 veces
  • La puntuación promedio es 17 de 22
Estadísticas de respuestas
Imagen Respuesta % Correcto
Djene
100%
Soria
100%
Arambarri
97%
Maksimovic
95%
Mata
95%
Molina
95%
Angel
92%
Suarez
92%
Antunes
87%
Foulquier
87%
Portillo
87%
Cabrera
82%
Duro
82%
Olivera
82%
Shibasaki
72%
Ndiaye
67%
Bergara
59%
Miquel
54%
Saiz
54%
Bruno
51%
Flamini
41%
Cristoforo
33%
No se encontraron pruebas coincidentes
Distribución de puntuación
Porcentaje de gente con cada puntuación
Porcentaje por número respondido
Historial de tus puntuaciones
No has intentado esta prueba.